000 00396nam a2200133Ia 4500
008 220217s9999||||xx |||||||||||||| ||und||
020 _a978-81-3121-943-0
082 _a621.384 5 KUM
100 _aKumar, Anurag and others
_97577
245 0 _aWireless networks
260 _aElsevier Academic press
_bNew Delhi
_c2009
300 _aXVII,426p.;28cm
_b350
650 _aWIRELESS COMMUNICATION
999 _c181198
_d181198